| 000 | 00522cam a2200217ua 4500 | ||
|---|---|---|---|
| 020 | _c25.00 | ||
| 041 |
_aeng _h |
||
| 082 |
_a631.372 _bGUP/TR |
||
| 100 |
_aGupta, R B. _96002 |
||
| 245 |
_aTractor mechanics : theory, maintenance and repair / _cR B Gupta. _hTextual Documents |
||
| 250 |
_a1 / _b. |
||
| 260 |
_aNew Delhi : _bSatya Prakashan , _c1987. |
||
| 300 | _a268 ; . | ||
| 365 | _a25.00 | ||
| 504 | _a | ||
| 700 | 1 |
_aGupta, B K. _96003 |
|
| 942 | _cBK | ||
| 999 |
_c104 _d104 |
||
| 003 | @ | ||
| 003 | OSt | ||